| 000 | 00409nam a2200169Ia 4500 | ||
|---|---|---|---|
| 008 | 230711s9999||||xx |||||||||||||| ||und|| | ||
| 041 | _aENG | ||
| 082 |
_a5 _bLI-G |
||
| 100 | _aLi,Maozhen | ||
| 245 | 4 | _aThe grid : core technologies | |
| 250 | _a1st . . Ed. | ||
| 260 |
_c2005 _aNew York _bJohn Wiley & Sons.Inc |
||
| 300 | _a483 | ||
| 650 | _aElectrical Engineering | ||
| 700 | _aBaker,Mark | ||
| 942 | _cBK | ||
| 999 |
_c4719 _d4719 |
||